Competition law and policy : (Record no. 4349)
[ view plain ]
| 000 -LEADER | |
|---|---|
| fixed length control field | 00855cam a22002532 4500 |
| 001 - CONTROL NUMBER | |
| control field | 0000021524 |
| 005 - DATE AND TIME OF LATEST TRANSACTION | |
| control field | 20151217145939.0 |
| 008 - FIXED-LENGTH DATA ELEMENTS--GENERAL INFORMATION | |
| fixed length control field | 120710s xx 000 0 eng d |
| 020 ## - INTERNATIONAL STANDARD BOOK NUMBER | |
| International Standard Book Number | 0195562897 : |
| 040 ## - CATALOGING SOURCE | |
| Original cataloging agency | KABU |
| Transcribing agency | KABU |
| 100 1# - MAIN ENTRY--PERSONAL NAME | |
| Personal name | Clarke, Philip. |
| -- | 0000182437 |
| 245 10 - TITLE STATEMENT | |
| Title | Competition law and policy : |
| Remainder of title | cases and materials / |
| Statement of responsibility, etc. | Philip Clarke, Stephen Corones, Julie Clarke. |
| 250 ## - EDITION STATEMENT | |
| Edition statement | 3rd ed. |
| 260 ## - PUBLICATION, DISTRIBUTION, ETC. (IMPRINT) | |
| Place of publication, distribution, etc. | Oxford : |
| Name of publisher, distributor, etc. | O. U .P, |
| Date of publication, distribution, etc. | 2011. |
| 300 ## - PHYSICAL DESCRIPTION | |
| Extent | xxxv, 747 p. |
| 650 #0 - SUBJECT ADDED ENTRY--TOPICAL TERM | |
| Topical term or geographic name as entry element | Restraint of trade |
| General subdivision | Cases |
| Geographic subdivision | Australia. |
| -- | 0000182438 |
| 650 #0 - SUBJECT ADDED ENTRY--TOPICAL TERM | |
| Topical term or geographic name as entry element | Antitrust law |
| General subdivision | cases |
| Geographic subdivision | Australia. |
| -- | 0000182439 |
| 650 #0 - SUBJECT ADDED ENTRY--TOPICAL TERM | |
| Topical term or geographic name as entry element | Restrain of trade |
| Geographic subdivision | Australia. |
| -- | 0000182440 |
| 700 1# - ADDED ENTRY--PERSONAL NAME | |
| Personal name | Corones, Stephen. |
| -- | 0000182441 |
| 700 1# - ADDED ENTRY--PERSONAL NAME | |
| Personal name | Clarke, Julie. |
| -- | 0000182442 |
| 852 1# - LOCATION | |
| -- | p12,325 KES |
| 908 ## - PUT COMMAND PARAMETER (RLIN) | |
| Put command parameter | 120710 |
| 950 ## - LOCAL HOLDINGS (RLIN) | |
| -- | 1 |
| Withdrawn status | Lost status | Source of classification or shelving scheme | Not for loan | Home library | Current library | Shelving location | Date acquired | Cost, normal purchase price | Total Checkouts | Full call number | Barcode | Date last seen | Copy number | Price effective from | Koha item type | Date last checked out | Total Renewals |
|---|---|---|---|---|---|---|---|---|---|---|---|---|---|---|---|---|---|
| Library of Congress Classification | Kabarak, Main Campus | Kabarak, Main Campus | General Stacks | 17/12/2015 | 21000.00 | KU977 .C53 2011 c.4 | 013381 | 17/12/2015 | c.4 | 17/12/2015 | General Collection | ||||||
| Library of Congress Classification | Kabarak, Main Campus | Kabarak, Main Campus | General Stacks | 17/12/2015 | 21000.00 | 3 | KU977 .C53 2011 c.1 | 013372 | 20/04/2021 | c.1 | 17/12/2015 | General Collection | 17/04/2021 | ||||
| Library of Congress Classification | Kabarak, Main Campus | Kabarak, Main Campus | General Stacks | 17/12/2015 | 21000.00 | KU977 .C53 2011 c.3 | 013380 | 17/12/2015 | C.3 | 17/12/2015 | General Collection | ||||||
| Library of Congress Classification | Kabarak, Main Campus | Kabarak, Main Campus | General Stacks | 17/12/2015 | 21000.00 | KU977 .C53 2011 c.5 | 013371 | 17/12/2015 | C.5 | 17/12/2015 | General Collection | ||||||
| Library of Congress Classification | Kabarak, Main Campus | Kabarak, Main Campus | General Stacks | 17/12/2015 | 21000.00 | 2 | KU977 .C53 2011 c.2 | 013379 | 05/04/2019 | c.2 | 17/12/2015 | General Collection | 05/04/2019 | ||||
| Library of Congress Classification | Kabarak, Main Campus | Kabarak, Main Campus | General Stacks | 18/02/2016 | 21000.00 | 2 | KU977 .C53 2011 C.7 | 021914 | 02/11/2018 | C.7 | 18/02/2016 | General Collection | 31/10/2018 | ||||
| Library of Congress Classification | Kabarak, Main Campus | Kabarak, Main Campus | General Stacks | 18/02/2016 | 21000.00 | KU977 .C53 2011 C.6 | 021910 | 18/02/2016 | C.6 | 18/02/2016 | General Collection | ||||||
| Library of Congress Classification | Kabarak, Main Campus | Kabarak, Main Campus | General Stacks | 18/02/2016 | 21000.00 | 1 | KU977 .C53 2011 C.10 | 021911 | 28/09/2018 | C.10 | 18/02/2016 | General Collection | 01/08/2018 | ||||
| Library of Congress Classification | Kabarak, Main Campus | Kabarak, Main Campus | General Stacks | 18/02/2016 | 21000.00 | 2 | KU977 .C53 2011 C.9 | 021916 | 31/10/2016 | C.9 | 18/02/2016 | General Collection | 18/06/2016 | 1 | |||
| Library of Congress Classification | Kabarak, Main Campus | Kabarak, Main Campus | General Stacks | 18/02/2016 | 21000.00 | KU977 .C53 2011 C.8 | 021912 | 18/02/2016 | C.8 | 18/02/2016 | General Collection |